Principles of algebraic geometry /

Guardado en:
Autor Principal: Griffiths, Phillip, 1938-
Otros Autores: Harris, Joe, 1951-
Formato: Libro
Idioma:English
Publicado: New York : Wiley, c1978.
Series:Pure and applied mathematics
Materias:
Acceso en línea:Contributor biographical information
Publisher description
Etiquetas: Agregar Etiqueta
Sin Etiquetas, Sea el primero en etiquetar este registro!
LEADER 01180pam a2200277 a 4500
001 MAT.inmabb006013
008 781222s1978####nyua#####b####001#0#eng##
005 20130226165248.0
245 1 0 |a Principles of algebraic geometry /  |c Phillip Griffiths and Joseph Harris. 
260 |a New York :  |b Wiley,  |c c1978. 
300 |a xii, 813 p. :  |b il. ;  |c 24 cm. 
490 0 |a Pure and applied mathematics 
500 |a "A Wiley-Interscience publication." 
504 |a Incluye referencias bibliográficas e índice. 
505 0 |a Foundational material -- Complex algebraic varieties -- Riemann surfaces and algebraic curves -- Further techniques -- Surfaces -- Residues -- The quadric line complex. 
510 4 |a MR,  |c 80b:14001 
020 |a 0471327921 
100 1 |a Griffiths, Phillip,  |d 1938- 
700 1 |a Harris, Joe,  |d 1951- 
650 0 |a Geometry, Algebraic 
084 |a 14-01  |2 msc2000 
010 |a  78006993  
040 |a DLC  |c DLC  |d DLC 
856 4 2 |3 Contributor biographical information  |u http://www.loc.gov/catdir/bios/wiley047/78006993.html 
856 4 2 |3 Publisher description  |u http://www.loc.gov/catdir/description/wiley031/78006993.html 
859 |h 14  |i G855  |p A-6361  |b BIB. MATEMATICA